000 01062nam a22002895i 4500
001 177367
003 ES-MaACL
005 20250928134306.0
008 110318s2008 sp o |||| | spa d
020 _a978-84-9850-134-6
080 _a7.036(460.23)(083.824)
245 0 0 _aVade retro /
_ca cura de JM2 ; artistes, Karmelo Bermejo ... [et al.] ; [coordinació, David Armengol, Amanda Cuesta, Jordi Pino ; traducció, Alex Reynolds].
260 _a[Barcelona] :
_bAjuntament de Barcelona,
_cD. L. 2008.
300 _a22 p. :
_bfot. bl. y n. ;
_c24 cm.
546 _aTexto en catalán, español e inglés.
650 4 _aArte-
_zCataluña-
_yS.XX-
_vExposiciones.
_9138262
655 7 _2tgfbne
_9193628
_aCatálogos de exposiciones
700 1 _aBotella, Sergi.
_9145710
700 1 _aBermejo, Karmelo.
_9145701
700 1 _aArmengol, David,
_d1974-
_9145702
700 1 _aCuesta, Amanda.
_9145703
700 1 _aPino, Jordi.
_9145704
700 1 _aReynolds, Alex.
_9145705
852 _aES-MaACL
_j2275-F-14
942 _2udc
999 _c177367
_d177367